Dictateurs par moustache - Statistiques

Statistiques générales
  • Ce quiz a été pris 873 fois
  • Le résultat moyen est 5 sur 12
Statistiques - réponses
Par images Réponse % Correct
Adolf Hitler
99%
Joseph Staline
91%
Mouammar Kadhafi
64%
Fidel Castro
56%
Francisco Franco
45%
Hirohito
44%
Saddam Hussein
37%
Ho Chi Minh
27%
Augusto Pinochet
21%
Hafez el-Assad
11%
Tchang Kaï-chek
4%
Georgios Papadopoulos
1%
Aucun quiz correspondant
Distribution des résultats
% des personnes avec chaque résultat
Percentile par nombre de réponses
Votre historique - résultats
Vous n’avez pas pris ce quiz